MARC details
| 000 -LEADER |
| fixed length control field |
02061cam a2200313 4500 |
| 001 - CONTROL NUMBER |
| control field |
ABS67982 |
| 008 - FIXED-LENGTH DATA ELEMENTS--GENERAL INFORMATION |
| fixed length control field |
040722n2004 000 0 eng u |
| 035 ## - SYSTEM CONTROL NUMBER |
| System control number |
(Sirsi) u126897 |
| 245 ## - TITLE STATEMENT |
| Title |
Todd and another v SoS Environment |
| 260 ## - PUBLICATION, DISTRIBUTION, ETC. |
| Date of publication, distribution, etc. |
2004 |
| 520 ## - SUMMARY, ETC. |
| Summary, etc. |
[2004] EWHC 1450 (Admin), 22 June 2004. Considered the extent to which the public had a right over a byway. The claimants (T) applied to quash Hampshire CC's (H) order under the Wildlife and Countryside Act 1981 s53(3)(c)(i) to include a way over land, in the form of a lane that had formed part of an estate, into a Byway Open to All Traffic (BOAT). T had interest in land over which the way ran. T did not object to the inclusion of the way on the definitive map of public rights of way, but objected to it being included as a BOAT. H's order had been confirmed by the defendant (E) who, under the Wildlife and Countryside Act 1981 s53(6) and Sched 15, had been satisfied on the balance of probabilities that the way subsisted. "Held": application granted on the grounds that the inspector had applied too low a standard of proof for the existence of a byway open to all traffic. View judgment at www.courtservice.gov.uk. |
| 590 ## - LOCAL NOTE (RLIN) |
| Local note |
ABS |
| 590 ## - LOCAL NOTE (RLIN) |
| Local note |
ABS |
| 590 ## - LOCAL NOTE (RLIN) |
| Local note |
ABS |
| 650 ## - SUBJECT ADDED ENTRY--TOPICAL TERM |
| Topical term or geographic name entry element |
TODD AND ANOTHER V SOS ENVIRONMENT, FOOD AND RURAL AFFAIRS |
| 650 ## - SUBJECT ADDED ENTRY--TOPICAL TERM |
| Topical term or geographic name entry element |
PUBLIC RIGHTS OF WAY |
| 650 ## - SUBJECT ADDED ENTRY--TOPICAL TERM |
| Topical term or geographic name entry element |
PUBLIC ACCESS |
| 650 ## - SUBJECT ADDED ENTRY--TOPICAL TERM |
| Topical term or geographic name entry element |
WILDLIFE AND COUNTRYSIDE ACT 1981 |
| 650 ## - SUBJECT ADDED ENTRY--TOPICAL TERM |
| Topical term or geographic name entry element |
MAPS |
| 650 ## - SUBJECT ADDED ENTRY--TOPICAL TERM |
| Topical term or geographic name entry element |
PLANNING PROCEDURE |
| 650 ## - SUBJECT ADDED ENTRY--TOPICAL TERM |
| Topical term or geographic name entry element |
BYWAYS OPEN TO ALL TRAFFIC |
| 650 ## - SUBJECT ADDED ENTRY--TOPICAL TERM |
| Topical term or geographic name entry element |
NATIONAL PARKS AND ACCESS TO THE COUNTRYSIDE ACT 1949 |
| 650 ## - SUBJECT ADDED ENTRY--TOPICAL TERM |
| Topical term or geographic name entry element |
COUNTRYSIDE ACT 1968 |
| 690 ## - LOCAL SUBJECT ADDED ENTRY--TOPICAL TERM (OCLC, RLIN) |
| Topical term or geographic name as entry element |
BOUNDARIES, PARTY WALLS AND EASEMENTS-RIGHTS OF WAY-CASE LAW |
| 856 ## - ELECTRONIC LOCATION AND ACCESS |
| Uniform Resource Identifier |
<a href="https://www.courtservice.gov.uk/View.do?id=2607">https://www.courtservice.gov.uk/View.do?id=2607</a> |
| Public note |
View judgment on the Court Service website... |
| 856 ## - ELECTRONIC LOCATION AND ACCESS |
| Uniform Resource Identifier |
<a href="https://www.courtservice.gov.uk/View.do?id=2607">https://www.courtservice.gov.uk/View.do?id=2607</a> |
| Public note |
View judgment on the Court Service website... |
| 856 ## - ELECTRONIC LOCATION AND ACCESS |
| Uniform Resource Identifier |
<a href="https://www.courtservice.gov.uk/View.do?id=2607">https://www.courtservice.gov.uk/View.do?id=2607</a> |
| Public note |
View judgment on the Court Service website... |
| 942 ## - ADDED ENTRY ELEMENTS (KOHA) |
| Suppress in OPAC |
0 |